000 00576nam a2200181Ia 4500
008 090124s9999 xx 000 0 und d
082 _b32097
100 _aभिवंडकर प्रकाश
245 _a पोलीस अॅक्शन
250 _a1
260 _bदिलीप प्रकाशन
_c1994
300 _a155
600 _aभिवंडकर प्रकाश
630 _a पोलीस अॅक्शन
700 _aभिवंडकर प्रकाश
730 _a पोलीस अॅक्शन
942 _cBOOK
999 _c97879
_d97879